Redefining performance measures for construction project managers: an empirical evaluation (Record no. 72576)
[ view plain ]
| 000 -LEADER | |
|---|---|
| fixed length control field | 01274cam a2200229 4500 |
| 001 - CONTROL NUMBER | |
| control field | ABS66633 |
| 008 - FIXED-LENGTH DATA ELEMENTS--GENERAL INFORMATION | |
| fixed length control field | 030429n2003 000 0 eng u |
| 035 ## - SYSTEM CONTROL NUMBER | |
| System control number | (Sirsi) u122127 |
| 100 ## - MAIN ENTRY--PERSONAL NAME | |
| Personal name | Dainty, A. |
| 245 ## - TITLE STATEMENT | |
| Title | Redefining performance measures for construction project managers: an empirical evaluation |
| 260 ## - PUBLICATION, DISTRIBUTION, ETC. | |
| Date of publication, distribution, etc. | 2003 |
| 490 ## - SERIES STATEMENT | |
| Series statement | Construction Management and Economics |
| Volume/sequential designation | 21(2) March 2003, 209-218(10) |
| 520 ## - SUMMARY, ETC. | |
| Summary, etc. | Argues that traditional success criteria for construction projects, which centre on the achievement of cost, programme and quality targets, are too crude to be used for gauging managers' performance in the context of modern construction projects. Many variables outside the managers' control can impact on outturn performance and the demands on project managers are far broader than in the past. Reports on a study which has examined the views of the members of project teams and other organisational stakeholders through a series of focus groups to develop a more appropriate reward management approach. References. [Taken from journal abstract]. |
| 590 ## - LOCAL NOTE (RLIN) | |
| Local note | ABS |
| 650 ## - SUBJECT ADDED ENTRY--TOPICAL TERM | |
| Topical term or geographic name entry element | COSTS |
| 650 ## - SUBJECT ADDED ENTRY--TOPICAL TERM | |
| Topical term or geographic name entry element | TARGETS |
| 650 ## - SUBJECT ADDED ENTRY--TOPICAL TERM | |
| Topical term or geographic name entry element | PROJECT TEAMS |
| 690 ## - LOCAL SUBJECT ADDED ENTRY--TOPICAL TERM (OCLC, RLIN) | |
| Topical term or geographic name as entry element | Project management |
| 9 (RLIN) | 6261 |
| 700 ## - ADDED ENTRY--PERSONAL NAME | |
| Personal name | Cheng, M-I. |
| 700 ## - ADDED ENTRY--PERSONAL NAME | |
| Personal name | Moore, D. |
| 942 ## - ADDED ENTRY ELEMENTS (KOHA) | |
| Suppress in OPAC | 0 |
| Withdrawn status | Lost status | Source of classification or shelving scheme | Damaged status | Not for loan | Home library | Current library | Shelving location | Date acquired | Total Checkouts | Full call number | Barcode | Date last seen | Copy number | Price effective from | Koha item type |
|---|---|---|---|---|---|---|---|---|---|---|---|---|---|---|---|
| Dewey Decimal Classification | London | London | Journal article | 29/04/2003 | ABS66633 | 122127-1001 | 06/08/2019 | 1 | 06/08/2019 | Journal article |